000 00202 a2200109 4500
020 _a7706894074525
041 _aspa
100 _aWalter Riso
245 _aAmar o Depender
942 _cBK
952 _71
999 _c23616
_d23616